000 02001nam a2200469 i 4500
001 40931
003 FINmELB
005 20241216221923.0
006 m o u
007 cr cn|||||||||
008 230209s2020 sp a b o000 0 spa d
017 _aCS 260-2020
_bOficina Depósito Legal Castellón
020 _z978-84-17900-72-4
_qpapel
020 _a978-84-17900-73-1
_qPDF
035 _a(OCoLC)1370946525
040 _aFINmELB
_bspa
_erda
_cFINmELB
050 4 _aQA76.9.H85
_bL567 2020
080 _a004.438 R
080 _a519.2:004.6
080 _a519.85(076.3)
082 0 4 _a006
_223
100 1 _aLloria Adanero, Atanasia,
_eautor.
245 1 0 _aEstadística y optimización (Grado videojuegos) :
_bprácticas resueltas con R-Commander y PHPSimplex /
_cAnastasia LLoría Adanero, Carlos Ayyad Limonge.
264 1 _aCastelló de la Plana :
_bPublicacions de la Universitat Jaume I, Servei de Comunicació i Publicacions,
_c[2020]
264 4 _c©2020
300 _a1 recurso en línea :
_bilustraciones (blanco y negro), gráficos (blanco y negro)
336 _atexto
_btxt
_2rdacontent/spa
337 _acomputadora
_bc
_2rdamedia/spa
338 _arecurso en línea
_bcr
_2rdacarrier/spa
490 1 _aTreballs d'informàtica i tecnologia ;
_vNúm. 46
504 _aBibliografía: páginas 227-229.
588 _aDescripción basada en metadatos suministrados por el editor y otras fuentes.
590 _aRecurso electrónico. Santa Fe, Arg.: elibro, 2023. Disponible vía World Wide Web. El acceso puede estar limitado para las bibliotecas afiliadas a elibro.
650 4 _aR (Lenguaje de programación)
650 4 _aEstadística
_xProceso de datos.
650 4 _aOptimización matemática
_vProblemas.
655 4 _aLibros electrónicos.
700 1 _aAyyad Limonge, Carlos Tarek,
_eautor.
797 2 _aelibro, Corp.
830 0 _aTreballs d'informàtica i tecnologia ;
_vNúm. 46.
856 4 0 _uhttps://elibro.net/ereader/politecnicointernacional/214686
999 _c40931
_d40931